| 000 | 00427pab a2200169 454500 | ||
|---|---|---|---|
| 008 | 180718b2003 xxu||||| |||| 00| 0 eng d | ||
| 100 | _aRaghuraman, C.S. | ||
| 245 | _aPost divorce marriages pending appeal | ||
| 260 | _c2003 | ||
| 300 | _ap.456-70. | ||
| 362 | _aJul-Dec | ||
| 650 | _aFamily disorganization | ||
| 650 | _aDivorce | ||
| 650 | _aMarriage | ||
| 773 | _aJournal of the Indian Law Institute | ||
| 909 | _a60081 | ||
| 999 |
_c60081 _d60081 |
||